000 00839nam a2200229 a 4500
001 BRCA_8400
005 20190320210249.0
008 270115s2014----u--a######---#000-0#eng-#
041 _aeng
044 _au
050 4 _aNK4370
_b.W45 2014
100 1 _aWeisberg, Gabriel P.
_921028
245 1 0 _aA taste for porcelain
_bthe Virginia A. Marten collection of decorative arts
_cGabriel P. Weisberg ; with contributions by Rachel Schmid and Elizabeth Sullivan research assistance by Yvonne Weisberg.
260 _aIndiana, E.U.
_bSnite Museum of Art, University of Notre Dame
_c2014
300 _a125 p.
_bil. a color, mapas
_c28 cm.
504 _aBibliografía: p. 124-125
650 1 4 _aPorcelana
_91509
700 1 _aSchmid, Rachel
_921029
700 1 _aSullivan, Elizabeth
_921030
700 1 _aWeisberg, Yvonne
_921031
942 _2lcc
_cB
999 _c8068
_d8068